| 000 | 00437cam a22001337a 4500 | ||
|---|---|---|---|
| 008 | 180718b1995 xxu||||| |||| 00| 0 eng d | ||
| 082 | _aI52 T674 | ||
| 100 | _aTracy, Brian | ||
| 245 |
_aAdvanced selling strategies: the proven system of sales ideas, methods, and techniques used by top salespeople everywhere _cby Brian Tracy |
||
| 260 |
_aNew York _bSimon _c1995 |
||
| 300 | _a429p. | ||
| 650 | _aSuccess in business | ||
| 650 | _aSelling | ||
| 999 |
_c481757 _d481757 |
||